| 000 | 01819nam a22003017a 4500 | ||
|---|---|---|---|
| 999 |
_c59321 _d59321 |
||
| 003 | Ge_BSU | ||
| 005 | 20230120115539.0 | ||
| 008 | 230120s2020 ge ||||| |||| 00| 0 geo d | ||
| 020 | _a9789941824500 | ||
| 041 | _ageo | ||
| 080 | _a631.4 უ-62 | ||
| 100 |
_aურუშაძე, თენგიზ _916727 |
||
| 245 |
_aაგრონიადაგმცოდნეობა / _cთენგიზ ურუშაძე; მთ. რედ. თამარ ქვრივიშვილი; რედ. ანა მილაშვილი, ზაალ ჩხეიძე, გიული წერეთელი; საქართველოს აგრარული უნივერსიტეტი. |
||
| 264 |
_aთბილისი : _bსაქართველოს აგრარული უნივერსიტეტი, _c2020. |
||
| 300 |
_a316 გვ.; _b25 სმ. |
||
| 500 | _aეძღვნება კახა ბენდუქიძეს | ||
| 501 | _aდანარტი გვ.283-311 | ||
| 504 | _aბიბლიოგრ გვ. 313-314 | ||
| 653 | _aაგრონიადაგმცოდნეობა | ||
| 653 | _aსოფლის მეურნეობა | ||
| 700 |
_aქვრივიშვილი, თამარ _eმთ. რედ. _916728 |
||
| 700 |
_aმილაშვილი, ანა _eრედაქტორი _916729 |
||
| 700 |
_aჩხეიძე, ზაალ _eრედაქტორი _92244 |
||
| 700 |
_aწერეთელი, გიული _eრედაქტორი _916730 |
||
| 710 |
_aსაქართველოს აგრარული უნივერსიტეტი _916731 |
||
| 773 | _tნაჩუქარი | ||
| 942 |
_2udc _cBK |
||